[Event "FRA-ch 57 Championnat"]
[Site "Schiltigheim"]
[Date "1982.08.23"]
[Round "7"]
[White "Giffard, Nicolas"]
[Black "Roos, Louis"]
[Result "1-0"]
[WhiteElo "2345"]
[BlackElo "2340"]
[Annotator "Primel,D"]
[PlyCount "77"]
[EventDate "1982.08.16"]
[EventType "swiss"]
[EventRounds "13"]
[EventCountry "FRA"]
[SourceTitle "EXT 2004"]
[Source "ChessBase"]
[SourceDate "2003.11.25"]
[SourceVersion "1"]
[SourceVersionDate "2003.11.25"]
[SourceQuality "1"]

1. d4 e6 2. c4 f5 3. Nc3 {Il est plus populaire et plus souple de commencer
par développer l'aile-roi par g3, Bg2 et Nf3 ou encore Nh3. Selon le plan
adopté par les noirs, les blancs pourront ensuite s'adapter pour choisir entre
Nc3 ou Nbd2. Face au stonewall, il est ainsi préférable de retarder la sortie
du N qui peut soutenir Ba3 après b3 pour échanger le bon B des noirs ou faire
un relais des N sur la case e5 par Nf3e5d3} (3. g3 Nf6 4. Bg2 Be7 (4... d5 {
Mène au Stonewall qui était trés populaire а la fin des années 80} 5. Nf3 (5.
Nh3 $5 {[%cal Gh3f4]}) (5. Qc2 c6) 5... c6 6. O-O Bd6 7. b3 Qe7 {[%csl Ra3]} (
7... O-O $143 8. Ba3 $1 {[%cal Gb1a3] Illustrant l'intérêt de retarder le
développement du N}) 8. Bb2 (8. Ne5)) 5. Nf3 O-O 6. O-O d6 7. Nc3 Qe8 8. b3 a5
9. Bb2 Qh5 10. e3 $1 Na6 11. Ne1 {[%cal Ge1d3,Gd3f4,Rf4h5,Ge3e4]} Qh6 12. Nd3
c6 13. e4) 3... Nf6 4. e3 {Provoquant Bb4} (4. g3 Bb4 5. Bg2 Bxc3+ $1 6. bxc3
O-O 7. Nf3 d6 8. O-O Qe7 {[%cal Ge6e5]}) (4. Nf3 {[%cal Gg2g3] Le plan le plus
populaire} Bb4 5. Qb3 $5 Qe7 (5... Bxc3+ {Alterman,B (2515)-Dreev,A (2580)
EU-chT (Men) 1992 (7) 1-0}) 6. g3 b6 7. Bg2 Bb7 8. O-O Bxc3 9. Qxc3 O-O 10. b4
$1 d6 11. Bb2 {[%cal Gc3g7]} Nbd7 12. Rad1 $14 (12. a4 {[%cal Ga4a5]} Ne4 13.
Qc2 a5 14. b5 e5 15. e3 $14 {le centre non fermé doit avantager la paire de B})
) (4. Qc2) 4... Bb4 5. Bd2 {Curieusement ce coup assez passif est relativement
populaire et il a été joué а haut niveau notamment par EUWE} (5. Bd3) (5. Qc2 {
[%cal Gc2e4,Gc2c3] Le coup naturel mais N.GIFFARD avait en tête un plan avec
Qb3 qui est plus ambitieux}) 5... b6 6. f3 $146 {[%cal Ge3e4] le plan f3 et
Qb3 est un peu douteux car il est trop lent} (6. Qc2 {Dans cette position, le
jeune SPASSKY avait préféré jouer le coup naturel Qc2 avant de préparer la
poussée f3} Bb7 7. f3 {Spassky,B-Filip,M Bucharest 1953 (13) 0-1}) 6... Bb7 7.
Qb3 $5 {[%cal Gb3b4,Gb3c3,Gb3g8]} a5 $1 8. a3 Be7 (8... a4 $5 {Un coup
d'ordinateur qui améne des complications} 9. Qc2 $8 (9. Nxa4 Bxd2+ 10. Kxd2 Nc6
11. Ne2 O-O $132 {[%csl Rd2]}) (9. Qxb4 $2 Nc6 {[%cal Gc6b4]}) 9... Be7 10. Nh3
(10. Nxa4 {Les blancs sont en retard de développement et il est risqué d'aller
chercher le P a4} O-O (10... Nc6 11. Nh3 O-O 12. Be2 Qe8) 11. Nh3 c5 12. Be2
cxd4 13. exd4 Nc6 {[%cal Gc6d4]} 14. Be3 b5 $1 15. cxb5 Nd5 $36 {[%cal Gd5e3]})
10... O-O) (8... Bxc3 $5 9. Qxc3 (9. Bxc3 $143 O-O $11 10. Bd3 Ng4 $1 {[%cal
Gg4e3]}) 9... O-O 10. Bd3 a4 {[%csl Rb3]}) 9. Nh3 Qc8 $6 {[%cal Gc8b7] Un coup
assez laid pour protéger le Bb7 et éviter une éventuelle percée c4c5} (9... O-O
10. Bd3 (10. c5 $6 Nd5 11. cxb6 Nxb6)) (9... Ba6 $5 {[%csl Rc4]}) (9... Nc6 10.
Bd3 O-O 11. O-O Qe8 12. Nf2) 10. Be2 O-O 11. O-O Nc6 12. Rad1 $32 Kh8 (12...
Ba6) 13. Bc1 $1 {[%cal Gd4d5] la percée centrale des blancs est prête} Nd8 14.
d5 {[%csl Rb7]} e5 $6 (14... exd5 $142 15. cxd5 Nf7 $1 $132 {[%cal Gf7d6]}) 15.
f4 $1 {Forcant la poussée e5e4} e4 16. Nf2 $1 {[%csl Re4][%cal Gg2g4] Les
blancs menacent la percée g2g4 qui va faire exploser le centre noir.
L'ouverture du jeu va profiter aux blancs qui ont plus d'espace pour faire
manoeuvrer leurs pièces par exemple avec Kh1 et Rg1 avec attaque sur la
colonne "g"} (16. g4 Nxg4 17. Bxg4 fxg4 18. Nf2 Nf7 19. Ncxe4 Qe8 $11) 16... h5
$1 (16... Nf7 17. g4 $1 Nd6 $5 {[%cal Gd6e4]} 18. gxf5 Qe8 19. Qc2 Bd8 20. Kh1
$14 {[%cal Gf1g1]}) 17. Na4 (17. Qc2 Nf7) 17... Nf7 18. Bd2 b5 $1 19. cxb5 (19.
Qxb5 Nxd5 $3 20. Nc3 (20. cxd5 Ba6 {[%cal Ga6e2]})) 19... Bxd5 20. Qc2 d6 $6 {
[%csl Rc6,Ge6][%cal Gc8e6] L'alsacien se crée deux faiblesses: le P "c7" et la
case "c6", au surplus l'attaque de la case b3 par Qe6 est réfuté tactiquement.}
(20... Nd6) (20... Nh6 $142 $5 {[%cal Gh6g4]} 21. Bc3 {[%cal Gd1d5,Gc3f6]} Qb7
22. Bd4 {[%csl Rb6]} Nhg4 23. Nxg4 hxg4) 21. b3 Qe6 {[%cal Gd5b3]} 22. Rb1 Rfb8
{Je rectifie une erreur de saisie précédente. Rab8 avait été saisi а tort
alors qu'il s'agissait de l'autre R et corrélativement le Pa5 restait protégé.}
(22... Rfc8) (22... Rab8 {Le coup que j'avais saisi а tort lors de la première
reconstitution des parties, il y a 2 ou 3 ans.}) 23. Rfc1 Bd8 (23... c6 {
[%cal Gd5b3,Gb8b3]} 24. bxc6 Bxb3 $4 (24... Rc8 25. Nb6) 25. c7 {N.GIFFARD})
24. Nc3 $1 {[%cal Gc3d5,Ga3a4,Gb3b4]} Bb7 {[%csl Rb8] les R noires font pitié.}
25. Bf1 {[%csl Rc6][%cal Gc3e2,Ge2d4,Gd4e6,Gd4c6]} Qe8 26. a4 (26. Ne2 $5 {
25. Qe8 avait pour but d'empêcher la centralisation du N vers d4 mais le
sacrifice du P "était intéressant.} Qxb5 27. Nd4 Qd7 {[%cal Gd7f5]} (27... Qe8
28. Nxf5) 28. Bb5 $1 Qc8 29. Nc6 $44 (29. Bc6 $5 {Il est peut-être préférable
de garder le N dans ce genre de position})) 26... c6 $1 {Une belle ressource
défensive pour éliminer la faiblesse} 27. bxc6 (27. Ncxe4 $142 $1 Nxe4 (27...
fxe4 $143 28. bxc6 Bc8 29. c7 $16) 28. Nxe4 {L'ouverture du centre par 27.Ne4
doit profiter aux blancs car les pièces blanches sont plus actives.}) 27...
Bxc6 28. Nb5 Bd7 (28... Rc8 {[%cal Gc8c2]} 29. Nd4 Bd7 30. Qa2) 29. Qd1 {
[%csl Rc7][%cal Gb5c7]} Bb6 {[%csl Gb6]} (29... Qe7 $5 {Evite la fourchette et
même dans l'hypothèse ou le B prend le Nc7, les noirs auraient gagné un tempo
en ne jouant pas Bb6 avant la prise.} 30. Nc7 Ra7) 30. Nc7 $1 {Proposant
l'échange de la meilleure pièce noire.} Bxc7 31. Rxc7 Nd8 32. Bc3 $6 {[%cal
Gd1d6]} (32. Rbc1 Ne6) 32... Ne6 {[%cal Ge6c7]} 33. Bxf6 (33. Rxd7 $5 {
l'alternative pour essayer d'affaiblir l'aile-roi par Bf6} Qxd7 (33... Nxd7
$143 34. Bb5 {[%csl Rd7][%cal Gb5e8]} Rc8 35. Qxd6 Rxc3 36. Bxd7 Rd8 37. Qe5 {
[%cal Ge5c3]} Rxd7 38. Qxc3) 34. Bxf6 gxf6 35. Qxh5+) 33... Nxc7 34. Ba1 Qg6
35. Nh3 $44 {[%csl Gg5]} d5 (35... Ne6 36. Qxd6 Nf8 $13) 36. Be2 {[%csl Rh5]}
Be8 37. Qd4 Rd8 (37... Rb4 {[%cal Gb4d4]}) (37... Ne6 $1 38. Qxd5 Bf7 {[%cal
Gb8d8] Les R vont finir par se réactiver}) 38. Ng5 Bf7 $4 39. Bxh5 {[%csl Rg7]
N.GIFFARD consolide sa place de leader avec cette victoire а la 1ère table} 1-0

[Event "Sautron op 14th"]
[Site "Sautron"]
[Date "2014.10.25"]
[Round "3"]
[White "Loiseau, Quentin"]
[Black "Neelotpal, Das"]
[Result "1/2-1/2"]
[WhiteElo "2354"]
[BlackElo "2424"]
[Annotator "RR"]
[PlyCount "81"]
[EventDate "2014.10.26"]
[EventType "swiss"]
[EventRounds "9"]
[EventCountry "FRA"]
[SourceTitle "EXT 2015"]
[Source "ChessBase"]
[SourceDate "2014.11.20"]
[SourceVersion "1"]
[SourceVersionDate "2014.11.20"]
[SourceQuality "1"]
[TimeControl "40/5400+30:1800+30"]
[WhiteClock "0:31:05"]
[BlackClock "0:30:43"]

1. d4 {[%emt 0:03:42]} f5 {[%emt 0:00:00]} 2. c4 {[%emt 0:00:34]} Nf6 {[%emt 0:
00:01]} 3. Nc3 {[%emt 0:00:35]} d6 {[%emt 0:00:04]} 4. Bg5 {[%emt 0:04:15]}
Nbd7 {[%emt 0:00:09]} 5. e4 $5 {[%emt 0:08:12] Une ligne secondaire mais il ne
s'agissait probablement pas d'une préparation puisque le français a
réfléchi plus de 8 mns sur ce coup.} (5. Qc2 g6 6. e3 Bg7 7. h4 c6 8. Nh3 Qa5
9. Nf4 Nf8 10. Bxf6 Bxf6 11. d5 e5 12. dxe6 Nxe6 13. Nfe2 Qb4 14. O-O-O Qxc4
15. Rxd6 Qc5 16. Rd2 Bd7 17. g3 O-O-O 18. Bg2 Be8 19. Rxd8+ Bxd8 20. Rd1 Bf6
21. Qd2 Rf8 22. Kb1 Rf7 23. Nd4 Qd6 24. Qc2 Nxd4 25. exd4 Kb8 26. d5 c5 27. Ne2
Be5 28. Nc1 Re7 29. Nb3 Ba4 30. Re1 Bd4 31. Rxe7 Qxe7 32. Qd2 Bxb3 33. axb3 a6
34. b4 Ka7 {Dreev,A (2667)-Bologan,V (2661) Dubai 2014 1/2-1/2}) (5. e3 g6)
5... fxe4 {[%emt 0:02:57]} 6. Nge2 $146 {[%emt 0:00:34]} (6. f3 e5 7. dxe5 dxe5
8. Nxe4 Bb4+ 9. Nd2 O-O 10. a3 Bc5 11. Qc2 h6 12. Bh4 Be3 13. Rd1 Qe8 14. Bd3
Nc5 15. Bg6 Qc6 16. Ne2 Ne6 17. Ne4 Nd4 18. Nxd4 exd4 19. Nxf6+ gxf6 20. Be4
Qe8 21. Bf2 f5 22. Bd3 Bxf2+ 23. Kxf2 Qe3+ 24. Kf1 Re8 25. Qe2 Qxe2+ 26. Bxe2
c5 27. Kf2 Bd7 28. Rhe1 Re3 29. Bd3 Rae8 30. Rxe3 Rxe3 31. f4 Kf7 32. Bc2 Be6
33. Re1 Rxe1 34. Kxe1 Kf6 35. Bd3 Bd7 {Golovlev,N (2336)-Firman,N (2492)
Alushta 2008 1/2-1/2}) 6... e5 {[%emt 0:18:32]} 7. d5 {[%emt 0:06:26]} (7. Ng3
Be7 8. Be2 O-O 9. O-O exd4 10. Qxd4) 7... Be7 {[%emt 0:01:47]} (7... a5 {
[%cal Gd7c5]}) 8. Be3 {[%emt 0:08:58]} Ng4 {[%emt 0:09:58] L'ouverture des
Blancs ne fait pas très bonne impression} 9. Nxe4 {[%emt 0:04:33]} O-O $32 {
[%emt 0:10:37][%csl Re1,Re3,Rf2]} 10. N2g3 {[%emt 0:07:10]} Ndf6 {[%emt 0:07:
03]} (10... Nxe3 11. fxe3 a5 {[%cal Gd7c5]} 12. Be2) 11. Qd2 {[%emt 0:03:01]}
Nxe4 {[%emt 0:03:18]} 12. Nxe4 {[%emt 0:00:06]} Bf5 {[%emt 0:00:04]} 13. Bd3 {
[%emt 0:01:40]} Qe8 {[%emt 0:13:15]} 14. h4 {[%emt 0:17:07]} c6 {[%emt 0:02:23]
} 15. Nc3 {[%emt 0:09:17]} e4 $1 {[%emt 0:13:35]} 16. Bxe4 {[%emt 0:12:01]}
Bxe4 {[%emt 0:00:05]} 17. Nxe4 {[%emt 0:00:03]} Qg6 {[%emt 0:04:54]} 18. Nc3 {
[%emt 0:06:12]} Nxe3 {[%emt 0:02:45]} 19. Qxe3 {[%emt 0:00:32]} Qxg2 {[%emt 0:
00:52]} 20. O-O-O $13 {[%emt 0:00:12]} Rf7 {[%emt 0:00:58]} 21. Qe6 {[%emt 0:
03:01]} Qg6 {[%emt 0:01:54]} 22. Ne4 {[%emt 0:01:18]} cxd5 {[%emt 0:02:06]} 23.
Qxd5 {[%emt 0:01:11]} Rc8 {[%emt 0:00:37]} 24. b3 {[%emt 0:00:39]} b5 $36 {
[%emt 0:01:00]} 25. Rhg1 {[%emt 0:00:37]} Qf5 {[%emt 0:00:43]} 26. Qxf5 {
[%emt 0:00:32]} Rxf5 {[%emt 0:00:10]} 27. Nxd6 {[%emt 0:00:30]} Bxd6 {[%emt 0:
00:18]} 28. Rxd6 {[%emt 0:00:15]} bxc4 {[%emt 0:00:14]} 29. bxc4 {[%emt 0:00:
37]} (29. b4 Rxf2 30. Rd7 Rf7 31. Rxf7 Kxf7 32. Kc2 $11) 29... Rxc4+ {[%emt 0:
00:30]} 30. Kd2 {[%emt 0:00:25]} Rxh4 {[%emt 0:02:54]} 31. Rd8+ {[%emt 0:00:40]
} Rf8 {[%emt 0:00:17]} 32. Rd7 {[%emt 0:00:01]} Rxf2+ {[%emt 0:00:29]} 33. Ke3
{[%emt 0:00:01]} Rf7 {[%emt 0:00:05]} 34. Rd8+ {[%emt 0:00:03]} Rf8 {[%emt 0:
00:03]} 35. Rd7 {[%emt 0:00:05]} Re8+ {[%emt 0:01:41]} 36. Kd3 {[%emt 0:00:55]}
g6 $17 {[%emt 0:00:22][%csl Gg6]} 37. Rb1 {[%emt 0:00:56][%cal Gb1b7]} Rh3+ {
[%emt 0:00:33]} 38. Kd4 {[%emt 0:01:16]} Rh4+ {[%emt 0:00:41]} 39. Kd3 {
[%emt 0:00:42]} Rh3+ {[%emt 0:00:40]} 40. Kd4 {[%emt 0:00:00]} Rh4+ {[%emt 0:
00:00]} 41. Kd3 1/2-1/2

[Event "Bundesliga 0304"]
[Site "Germany"]
[Date "2004.03.08"]
[Round "11.4"]
[White "Schlosser, Philipp"]
[Black "Bricard, Emmanuel"]
[Result "1-0"]
[WhiteElo "2560"]
[BlackElo "2453"]
[Annotator "Roiz,M"]
[PlyCount "53"]
[EventDate "2003.11.01"]
[EventType "team-tourn"]
[EventRounds "15"]
[EventCountry "GER"]
[SourceTitle "CBM 100"]
[Source "ChessBase"]
[SourceDate "2004.06.01"]
[SourceVersion "1"]
[SourceVersionDate "2004.06.01"]
[SourceQuality "1"]
[WhiteTeam "Baden Oos"]
[BlackTeam "St Ingbert"]
[WhiteTeamCountry "GER"]
[BlackTeamCountry "GER"]

1. d4 e6 2. c4 f5 3. Nc3 Bb4 4. Bd2 Nf6 5. e3 {A quiet system,which allows
white to complete a comfortable development without any long theoretical lines.
} O-O 6. Bd3 d6 {The most popular continuation-black is ready to exchange his
dark squared bishop,so he is preparing for e6-e5,closing the long diagonal.
That is a standard plan in such a positions.} ({Besides,black has a several
alternatives:} 6... Bxc3 7. Bxc3 Ne4 8. Bxe4 fxe4 9. d5 d6 10. dxe6 Bxe6 11.
Qd4 Qd7 12. Nh3 Bf5 13. Qd5+ Qf7 14. Nf4 Qxd5 15. cxd5 $16 {1-0 Kortschnoj,
V-Agdestein,S/Reykjavik 1987/CBM 02 (56)}) (6... b6 7. Qc2 Bb7 8. f3 c5 9. a3
Bxc3 10. Bxc3 Nc6 11. Ne2 d5 12. b3 Ne4 $2 13. cxd5 Qh4+ 14. g3 Nxg3 15. Nxg3
exd5 16. O-O $18 {1-0 Kortschnoj,V-Rivas Pastor,M/Haifa 1989/EU-chT (25)}) ({
deserves attention is:} 6... d5 $5 7. Nge2 c6 8. Qc2 Qe7 9. f3 c5 10. O-O Nc6
11. a3 cxd4 12. exd4 Bd6 13. Kh1 Qf7 14. Nb5 Bb8 15. Bf4 $6 Bxf4 16. Nxf4 a6
17. cxd5 Nxd5 18. Nxd5 exd5 19. Nd6 Qf6 20. Nxc8 Raxc8 $15 {0-1 Hoi,
C-Moskalenko,V/Groningen 1989/EXT 98 (60)}) 7. Qc2 {Preventing e6-e5.} ({
Less logical is:} 7. Nge2 e5 8. Qb3 Bxc3 9. Bxc3 e4 $11) 7... c5 $5 $146 {
An interesting novelty,which however was connected with a wrong idea.} (7...
Nc6 8. Nge2 Qd7 9. f3 (9. a3 Bxc3 10. Nxc3 e5 11. d5 Ne7 12. O-O $14) 9... e5
10. O-O Qf7 11. a3 Bxc3 12. Bxc3 Bd7 13. c5 Nd5 $11 {0-1 Suba,M-Speelman,J/
Eastbourne 1990/EXT 2000 (63)}) (7... b6 8. Nge2 Bb7 9. f3 Nbd7 10. O-O Qe7 11.
a3 Bxc3 12. Nxc3 g5 13. Rae1 Qg7 14. e4 g4 15. Kh1 Kh8 16. f4 $14 {1-0
Gavrikov,V-Polasek,J/Biel 1990/EXT 2000 (32)}) 8. Nge2 {In my opinion,the
knight is slighty passive here.} ({another possibility was:} 8. Nf3 Nc6 9. a3
Bxc3 (9... Ba5 10. O-O Qe7 11. Rad1 $14) 10. Bxc3 Qe7 11. O-O $14 {and white's
chanses are preferable.}) 8... Nc6 9. O-O Qe7 (9... Ba5 $5 {[%cal Gc6b4]} 10.
a3 e5 11. d5 Ne7 12. f3 Bd7 $11) 10. a3 Bxc3 $6 {[%mdl 16384] A clear
strategical mistake-the position is not closed yet,so was no reason to
exchange an important bishop.} ({much better was:} 10... Ba5 $142 11. Rad1 Bd7
{and black is O.K.For example:} 12. dxc5 dxc5 13. e4 Nd4 $1 14. Nxd4 cxd4 $132
{with a heavy counterplay.}) 11. Bxc3 Ng4 $2 {Black is trying to push e6-e5 at
any cost,but such a ''drastic'' desicions are usually wrong.} (11... e5 12.
dxe5 Nxe5 13. Rad1 $14) (11... b6 12. Rad1 Bb7 13. d5 Ne5 14. dxe6 $40 {
[%csl Rd6,Rf5][%cal Ge2f4]}) (11... Bd7 12. b4 Rad8 13. b5 Nb8 14. dxc5 dxc5
15. Rad1 $14) ({I would prefer a slighty passive:} 11... Nd8 12. dxc5 dxc5 13.
Rad1 Nf7 $14 {with a defensible position.}) 12. h3 Nh6 13. f4 $1 {Just in
time! Black cannot do without e6-e5 anyway,since white's pressure on the long
diagonal is very unpleasant especially after black's manoevre.So,It's very
important to take control on square e5,which black could exploit for his
knights.} e5 {Otherwise white will just prepare g2-g4 with a dangerous attack.}
14. Qd2 $1 {Freeing a spot for Bd4 in view of e5-e4.} ({less clear was:} 14.
fxe5 dxe5 15. d5 Nd8 16. e4 f4 {and black's counterchanses cannot be
understated.}) 14... e4 (14... cxd4 {after} 15. exd4 e4 16. Bc2 {[%cal Gd4d5]
black's position is strategically lost,since} d5 {loses to} 17. cxd5 Nd8 18.
Bb4 $18) ({but maybe better was:} 14... Bd7 15. d5 Nd8 16. b4 b6 $16) 15. Bc2
Nf7 $6 {An additional mistake-the knight has no perspectives here.Better was
to transfer the knight back on f6 via g8.} (15... Kh8 $142 16. b4 Ng8 17. bxc5
dxc5 18. d5 Nd8 $16) 16. b4 {White wants to make progress on both of the sides.
} ({I cannot see any reasonable continuation for black after:} 16. Kh2 $5 {
[%cal Gf1g1,Gg2g4]}) 16... Rd8 ({An alternative was:} 16... cxd4 17. Nxd4 Be6
18. Nxe6 Qxe6 19. Qd5 Qxd5 20. cxd5 Ne7 21. Bb3 $16 {[%csl Re7,Rf7] with a
large edge of white.}) 17. d5 Nb8 18. Ng3 $1 {[%cal Gg3h5] White cannot allow
white to put his knight on h5,so g7-g6 is practically forced.} g6 $2 {A
decisive mistake.} (18... Qh4 19. Qf2 {[%cal Gg3e4]} Qh6 20. Qe2 $18 {[%cal
Gg3h5]}) ({more resistant was:} 18... Kh8 19. Nh5 Rg8 20. Kh2 Nd7 $16 {and
there is no forced winning continuation for white at least.}) 19. Bb2 Nd7 20.
Qc3 Qf8 $8 21. Ne2 $18 {[%cal Gg2g4] Now black is completely hopeless.He
cannot do anything against g2-g4 with a decisive attack.} h5 (21... Qh6 22. g4
Kf8 23. Kg2 Ke8 24. Ng3 Nb6 25. bxc5 dxc5 26. g5 Qf8 27. a4 Nd6 28. a5 Nd7 29.
h4 $18 {[%cal Gh4h5,Gh5g6] doesn't leaves any chanses for black.}) 22. g4 $1 {
White doesn't need any preparation-his play is very energetic.} Kh7 (22... hxg4
23. hxg4 fxg4 (23... Qh6 24. Rf2 $18 {[%cal Gf2h2]}) 24. Bxe4 $18) 23. gxf5
gxf5 24. Ng3 {[%csl Rf5,Rh5]} Nh6 25. Nxh5 {Finally,the knight has got his
goal.} Qf7 26. Kh2 Rg8 27. Rg1 {[%cal Gg1g8,Ga1g1][%mdl 4]} 1-0

[Event "EU-ch 19th"]
[Site "Batumi"]
[Date "2018.03.28"]
[Round "11"]
[White "Esipenko, Andrey"]
[Black "Krasenkow, Michal"]
[Result "1-0"]
[WhiteElo "2581"]
[BlackElo "2644"]
[Annotator "Roiz,M"]
[PlyCount "93"]
[EventDate "2018.03.17"]
[EventType "swiss"]
[EventRounds "11"]
[EventCountry "GEO"]
[SourceTitle "CBM 184"]
[Source "ChessBase"]
[SourceDate "2018.05.16"]
[SourceVersion "1"]
[SourceVersionDate "2018.05.16"]
[SourceQuality "1"]

1. d4 d5 2. c4 e6 3. Nc3 c6 {GM Krasenkow is consistent in his opening choice.}
4. e3 ({The most aggressive is} 4. e4 {, but Andrey likes the positional
approach.}) 4... Bd6 5. Nf3 f5 6. Bd3 Nf6 7. O-O O-O 8. b3 Ne4 9. Ne2 Nd7 10.
Bb2 b6 11. cxd5 $5 $146 {This novelty isn't as toothless as it looks - the
problems with the passive Bc8 are not fully solved.} ({There were more
aggressive continuations at Andrey's disposal:} 11. Ne5 Bb7 12. f3 Nef6 13. Nf4
(13. cxd5 Nxd5 14. Nc4 Bc7 $132 {Levin,E - Timofeev,A St Petersburg 2015})
13... Qe7 14. Qe2 Rfe8 (14... Rad8 $5 15. Rac1 c5 16. cxd5 Nxd5 $11 {was more
precise}) 15. Rac1 $14 {Georgiev,K - Sveshnikov,E Warsaw 2005}) (11. Nf4 Qe7
12. Rc1 Bb7 13. Ne5 Rac8 14. Qe2 Nxe5 15. dxe5 Bb8 16. Rfd1 Nc5 17. Bc2 Nd7 18.
Nd3 c5 $132 {Debashis,D - Dziuba,M Warsaw 2017}) 11... cxd5 ({In general, the
pawn structure after} 11... exd5 {is acceptable for Black, but here White is
in time to enter the centre:} 12. Ne5 $1 Bb7 13. Rc1 Rc8 14. f3 Ng5 15. f4 Ne4
16. Ng3 $14) 12. Ne5 ({Possibly, a stronger move was} 12. Nf4 $1 Qf6 (12... Qe7
13. Ne5 Bb7 14. f3 Ng5 15. Bb5 $14) 13. Rc1 Bb7 14. Bb5 Rad8 15. Qe2 g5 16. Nd3
$14 {, keeping Black under positional pressure.}) 12... Bb7 {After this move
Andrey's idea is fully justified.} (12... Qf6 $1 {could have invited the
favourable exchange of knights:} 13. f3 Nec5 $1 14. Nxd7 Nxd7 15. Qc1 Qe7 (
15... Qh6 16. Nf4 Bb7 17. Ba3 $14) 16. a4 Nb8 17. Ba3 Na6 {Black is close to
equality.}) 13. Bb5 $1 Nxe5 {The change of pawn structure offers White a
definite space advantage.} ({The alternative -} 13... Ndf6 14. Nf4 Qe7 15. Rc1
Rac8 16. Qe2 $14 {would offer Black a solid, but rather passive position.}) 14.
dxe5 Bc5 15. Nd4 Qe7 16. f3 Ng5 17. Qe2 (17. Qd2 $5 {covering the f4-spot was
good enough, but Esipenko reasonably doesn't fear ghosts.}) 17... Rac8 ({
The attempt to get some activity on the kingside by means of} 17... f4 {
can be well met by} 18. a3 $1 a5 19. b4 $1 axb4 20. axb4 Bxb4 21. Rxa8 Bxa8 22.
h4 Nf7 23. exf4 $16 {, and Black is doomed to passive defence.}) ({However, a
better defensive approach might be} 17... Rfc8 $5 18. Rac1 Nf7 19. f4 Nd8 $14)
18. Rac1 (18. a3 $5 a5 19. Rfc1 Nf7 20. f4 g5 21. Kh1 $16) 18... Rc7 $6 {
This move is inviting fresh troubles.} ({Black should have focused on the
passive defence:} 18... Nf7 19. f4 Nd8 20. a3 a5 {intending to swap the
relocated knight.}) 19. b4 $1 {Now Black is forced to give up the dark-squared
bishop.} Bxd4 (19... Bxb4 $2 20. Rxc7 Qxc7 21. f4 $18) 20. Rxc7 Qxc7 21. exd4 {
Covering the c1-spot wasn't necessary} (21. Bxd4 $5 {is also good enough:} Nf7
22. Qb2 Rc8 23. Bd3 Nd8 24. b5 $16) 21... Qe7 22. a3 Nf7 $2 {This loss of
tempo turns out to be a decisive mistake.} ({There is the tenacious} 22... Ra8
23. Bd3 a6 24. Rc1 Nf7 $16) 23. Bd3 Rc8 {Alas, the rook can achieve nothing
along the c-file - there are no squares for penetrating.} 24. b5 $1 {Andrey is
seizing more space on the q-side. Black can only sit and wait.} Qg5 25. a4 {
There is nothing to do against the further advance of a-pawn.} Nh8 {A
desperate attempt to create some threats on the kingside.} 26. g3 h5 (26... f4
{offered no hope:} 27. Qd2 Ng6 28. Rc1 Rxc1+ 29. Bxc1 $18) 27. a5 bxa5 (27...
Rc7 28. f4 Qg4 29. Qd2 h4 30. Kg2 $18) 28. Ra1 h4 29. f4 Qh6 ({Or} 29... Qg6
30. g4 Rc7 31. h3 Qf7 32. Bc1 Ng6 33. Bd2 $18 {with full domination.}) 30. Rxa5
hxg3 31. hxg3 g5 32. Qh2 $1 {Andrey is effectively neutralising any visible
counterplay.} Qg7 33. Rxa7 gxf4 34. Kf2 Rc7 35. gxf4 $18 {The rest is just an
agony.} Qf8 36. Ra1 {Obviously, only Black's king is under fire.} Rg7 (36...
Qb4 37. Ke3 Rg7 38. Ba3 Qc3 39. Rh1 Ng6 40. Bd6 $18) 37. Rh1 Ng6 38. Ke3 Kf7
39. Qh5 Qb4 {Temporary activity.} 40. Bc1 Bc8 41. Bd2 Qa3 42. Rc1 Bd7 43. Rc7
Ke8 44. b6 Bb5 45. Rc3 Qa6 46. Rb3 Bxd3 47. b7 {Impressive positional play!}
1-0